000 01063 a2200241 4500
005 2008091201221.0
008 080912t xxu||||| |||| 00| 0 hin d
010 _aHIN-81494
020 _a8176671932
_c300.00
035 _aHN-53840
037 _bपु.प्र.अ.प्र / प्रका.
082 _a
100 _aकोहली, द्रोणवीर
245 _aमुल्क अवाणों का /
_cद्रोणवीर कोहली
246 _aMulk Awadon Ka
_bBy-Droan Vir Kohli
260 _aदिल्ली
_bभावना प्रकाशन
_c2007
270 _a109 ए ,पटपटगंज
_bदिल्ली
_e110091
300 _a280पृ
_c23सेमी(सजिल्द)
650 _aहिन्दी उपन्यास
650 _aHindi Novel
942 _adpl
_cHN
_kउ / कोहली
_2ddc
_h
_mकोहली
999 _c8554
_d8554